000 00446nam a2200157Ia 4500
003 GCL
008 140319s9999 xx 000 0 ara d
040 _aGCL /
_cGCL
082 0 4 _aد
_b050
100 1 _aمحمد عبدالرحمن برج
245 1 0 _aقناة السويس فى 100 عام (اقرا 322 ) /
_cمحمد عبدالرحمن برج
300 _a160
490 _aاقرأ
_v0
650 0 4 _aقناة السويس
942 _2ddc
_cBK
999 _c48689
_d48689